000 00612nam a22001457a 4500
008 150424b xxu||||| |||| 00| 0 eng d
020 _a3906554104
082 _a708
_bO 139s
100 _aObrist, Gabrielle; Fayet, Roger; Bischoff, Fredi.
_92492
245 _aSilber eflexe
_cObrist, Gabrielle; Fayet, Roger; Bischoff, Fredi.
260 _aAlemania
_bJohann Jacobs Museums
_c1997
300 _a48 p.
_bill.
_c23x33 cm
650 _xSilver coffeepots-Exhibiciones
_xCoffee making parafernalia-exhibiciones
_xSilver coffeepots-diseƱo-Exhibiciones
_92493
700 _aObrist, Gabrielle; Fayet, Roger; Bischoff, Fredi.
_92494
999 _c543
_d543